Statistics for NBA 75th Anniversary Quiz

Click here to take the quiz!

General Stats

  • This quiz has been taken 42 times
  • The average score is 52 of 76

Answer Stats

RetiredAnswer% Correct
CurrentLeBron James
100%
GOATMichael Jordan
97%
1974Jerry West
95%
1989Kareem Abdul-Jabbar
95%
CurrentKevin Durant
95%
CurrentStephen Curry
95%
2016Tim Duncan
95%
2002Hakeem Olajuwon
92%
2004Karl Malone
92%
1996Magic Johnson
92%
2011Shaquille O’Neal
92%
2003John Stockton
89%
1995Moses Malone
89%
2008Scottie Pippen
89%
1969Bill Russell
86%
1992Larry Bird
86%
CurrentChris Paul
84%
1987Julius Erving
84%
CurrentRussell Westbrook
84%
2003David Robinson
81%
CurrentGiannis Antetokounmpo
81%
CurrentJames Harden
81%
2002Patrick Ewing
81%
1973Wilt Chamberlain
81%
2013Allen Iverson
78%
CurrentCarmelo Anthony
78%
1994Isaiah Thomas
78%
CurrentKawhi Leonard
78%
2019Dirk Nowitzki
76%
2016Kevin Garnett
76%
1970Bob Cousy
73%
2000Charles Barkley
73%
CurrentDamian Lillard
73%
2000Dennis Rodman
73%
2019Dwyane Wade
73%
1972Elgin Baylor
73%
1956George Mikan
73%
1974Oscar Robertson
73%
2015Steve Nash
73%
CurrentAnthony Davis
70%
2007Gary Payton
70%
1978John Havlicek
70%
2016Kobe Bryant
70%
1980Walt Frazier
70%
2014Ray Allen
68%
1998Clyde Drexler
65%
1999Dominique Wilkins
65%
1994James Worthy
65%
1965Bob Pettit
62%
1995Lenny Wilkens
62%
2017Paul Pierce
62%
1980Rick Barry
62%
1997Robert Parish
62%
2013Jason Kidd
59%
1993Kevin McHale
59%
2005Reggie Miller
59%
1984Elvin Hayes
57%
1980Pete Maravich
57%
1987Bill Walton
54%
1981Wes Unseld
54%
1974Willis Reed
54%
1992Bob McAdoo
51%
1990George Gervin
46%
1969Sam Jones
46%
1978Dave Bing
41%
1983Dave Cowens
41%
1965Paul Arizin
38%
1976Billy Cunningham
35%
1984Nate Archibald
35%
1974Dave DeBusschere
32%
1964Dolph Schayes
32%
1973Hal Greer
32%
1974Jerry Lucas
32%
1980Earl Monroe
27%
1977Nate Thurmond
24%
1961Bill Sharman
16%

Score Distribution

Percentile by Number Answered

Percent of People with Each Score

Your Score History

You have not taken this quiz